000 00357nam a2200121Ia 4500
005 20260328101518.0
008 260328s9999||||xx |||||||||||||| ||und||
100 _aUnion of Architects
245 0 _aCongres d'L UIA :
_b Review of the international union of Architecture /
_cUnion of Architects
260 _bBremo
650 _aEDAD Contemporánea
942 _cBK
999 _c9456
_d9456